Word Answers Start With “Lim-” - Statistics

General Stats
  • This quiz has been taken 94 times
    11 since last reset
  • The average score is 11 of 20
Answer Stats
Hint Answer % Correct
An appendage limb
100%
Green citrus fruit lime
100%
A large, luxurious automobile limo
100%
Irish city; or short, humorous poem with set rhythm Limerick
88%
Sedimentary rock composed of calcium carbonate limestone
88%
Capital city Lima
75%
Flexible, able to bend easily limber
63%
A state of neglect or suspension limbo
63%
Italian lemon liqueur limoncello
63%
Largest city in Cyprus Limassol
50%
Conservative radio show host (1951–2021) Limbaugh
38%
Brain system linked to emotions and memory limbic
38%
2000–2010 file sharing client similar to Napster LimeWire
38%
River in southeastern Africa Limpopo
38%
Singer of 1984's classic "Never Ending Story" Limahl
25%
Pungent cheese from Germany or Belgium Limburger
25%
2011 Bradley Cooper sci-fi film with drug NZT-48 Limitless
25%
Intense, involuntary romantic attraction limerence
13%
Relating to a threshold or in-between state liminal
13%
The study of lakes and inland water ecosystems limnology
13%
No matching quizzes found
Score Distribution
Percent of People with Each Score
Percentile by Number Answered
Your Score History
You have not taken this quiz since the last reset